000 00866nam a22002057a 4500
005 20250801114326.0
010 _aHIN-130089
020 _a9788198230454
_c275.00
020 _a9788198230454
_c275.00
035 _aHN-102435
037 _bDBAD
082 _a820.08
100 _aबडोनी,शशिभूषण
_983568
245 _aकुछ यादें कुछ किताबें /
_cशशिभूषण बडोनी
250 _aप्रथम
260 _aऋषिकेश, देहरादून
_bकाव्यांश प्रकाशन
270 _aवशिष्ट सदन , 72 रेलवे रोड ऋषिकेश, देहरादून
_bदेहरादून
_e249201
300 _a199पृ.
_c22सेमी(अजिल्द)
942 _2ddc
_cHN
_h820.08
_mबडोन
999 _c212776
_d212776